000 00478nam a2200181Ia 4500
003 GCL
008 140319s9999 xx 000 0 ara d
040 _aGCL /
_cGCL
082 0 4 _a810.9
_bر م
100 1 _aرشاد رشدى
245 1 0 _aماهو الادب /
_cرشاد رشدى
260 _a[S.N] :
_bمكتبة الانجلوالمصرية
300 _a99 ص
490 _a
650 0 4 _aالادب العربى
650 0 4 _aتاريخ ونقد
942 _2ddc
_cBK
999 _c31225
_d31225